État américains par superficie - Dans l’ordre - Statistiques

Statistiques générales
  • Ce quiz a été pris 71 fois
  • Le résultat moyen est 23 sur 50
Statistiques - réponses
1ère lettre État % Correct
A Alaska
94%
C Californie
92%
T Texas
92%
M Montana
78%
W Wyoming
74%
A Arizona
70%
N Nevada
68%
N Nouveau-Mexique
68%
O Oregon
68%
K Kansas
64%
U Utah
64%
D Dakota du Sud
62%
C Colorado
60%
D Dakota du Nord
60%
F Floride
60%
G Géorgie
56%
R Rhode Island
56%
W Washington
52%
I Idaho
50%
O Oklahoma
50%
D Delaware
48%
M Minnesota
48%
N Nebraska
48%
M Missouri
44%
W Wisconsin
44%
A Alabama
42%
I Illinois
42%
V Vermont
42%
C Connecticut
40%
H Hawaï
40%
A Arkansas
36%
K Kentucky
36%
V Virginie
36%
I Iowa
34%
P Pennsylvanie
34%
L Louisiane
32%
N New Jersey
32%
C Caroline du Nord
30%
O Ohio
30%
M Michigan
28%
N New York
28%
I Indiana
24%
M Mississippi
24%
N New Hampshire
24%
V Virginie-Occidentale
24%
M Maine
22%
T Tennessee
22%
C Caroline du Sud
18%
M Maryland
16%
M Massachusetts
16%
Aucun quiz correspondant
Distribution des résultats
% des personnes avec chaque résultat
Percentile par nombre de réponses
Votre historique - résultats
Vous n’avez pas pris ce quiz